000
00314nam a2200133Ia 4500
008
250520s9999 xx 000 0 und d
020
_a
9781842121399
100
_a
LEWIS, BERNARD
245
4
_a
THE MIDDLE EAST
260
_b
PHOENIX PAPERBACK, LONDON
_c
1995
300
_a
433
650
_a
General
942
_c
BK
999
_c
221539
_d
221539